Property valuation: theory and practice

Сохранить в:
Библиографические подробности
Главный автор: ASHAOLU, Thomas A
Формат:
Язык:английский
Опубликовано: Dash Mill Media 2016
Метки: Добавить метку
Нет меток, Требуется 1-ая метка записи!

MARC

LEADER 00000nam a22000007a 4500
008 210426b ||||| |||| 00| 0 eng d
020 |a : 978-978-951-770-1 
100 |a ASHAOLU, Thomas A 
245 |a Property valuation: theory and practice  |c Thomas A. Ashaolu 
260 |b Dash Mill Media  |c 2016  |h .- Lagos  |i 691645, 691646  |l HD1387 .As3  |m Real property – Valuation 
500 |a “It includes index'' 
942 |a lcc  |c BK  |e Mr ogunleye  |f 26/4/2021 
952 |0 0  |1 0  |2 lcc  |4 0  |6 HD1387 A S3  |7 0  |9 2298  |a HOL  |b HOL  |d 2021-04-26  |l 0  |o HD1387 .As3  |p 2021-6152  |r 2021-04-26 00:00:00  |w 2021-04-26  |y BK 
952 |0 0  |1 0  |2 lcc  |4 0  |6 HD1387 A S3  |7 0  |9 2299  |a HOL  |b HOL  |d 2021-04-26  |l 0  |o HD1387 .As3  |p 2021-6153  |r 2021-04-26 00:00:00  |w 2021-04-26  |y BK 
999 |c 1183  |d 1183